Numbers Quiz Stats

 Plays Quiz not verified by Sporcle

Challenge
Share
Tweet
Embed
Score 0/20 Timer 10:00
0 Plays Today
% Correct
10
91.7%
12
91.7%
13
86.1%
14
86.1%
11
83.3%
1
44.4%
34
44.4%
3
38.9%
5
38.9%
2
38.9%
% Correct
6
38.9%
4
38.9%
7
38.9%
8
38.9%
9
38.9%
2
38.9%
4
38.9%
54
36.1%
15374
0%
6214
0%

You're not logged in!

Compare scores with friends on all Sporcle quizzes.
Join for Free
OR
Log In

You Might Also Like...

Show Comments

Extras

Created Apr 29, 2010ReportNominate
Tags:Numbers Quiz

Top Quizzes Today


Score Distribution

Your Account Isn't Verified!

In order to create a playlist on Sporcle, you need to verify the email address you used during registration. Go to your Sporcle Settings to finish the process.

Report this User

Report this user for behavior that violates our Community Guidelines.

Details: